Nemecko-slovenský slovník masových komunikačných prostriedkov
Na minha lista:
| Autor principal: | |
|---|---|
| Outros Autores: | |
| Formato: | Livro |
| Idioma: | alemão eslovaco |
| Publicado em: |
Bratislava
Slov. ped. nakl.
1989
|
| Edição: | 1. vyd. |
| Tags: |
Sem tags, seja o primeiro a adicionar uma tag!
|
MARC
| LEADER | 00000nam a2200000 4500 | ||
|---|---|---|---|
| 001 | c029775 | ||
| 005 | 20221215070956.0 | ||
| 041 | 0 | |a ger | |
| 041 | 0 | |a slo | |
| 044 | |a SK | ||
| 245 | 1 | 0 | |a Nemecko-slovenský slovník masových komunikačných prostriedkov |c Cecília Skalická, Eva Szeherová |
| 250 | |a 1. vyd. | ||
| 264 | 1 | |a Bratislava |b Slov. ped. nakl. |c 1989 | |
| 300 | |a 432 s. | ||
| 100 | 1 | |a Skalická, Cecília | |
| 700 | 1 | |a Széherová, Eva | |